Segredo numa manhã de verão e outro conto (Registo nº 3922)

Detalhes MARC
000 -Etiqueta do registo
Cabeçalho 00789nam0a2200265 4500
005 - Identificador da versão
Campo de controlo 20240813122048.0
010 ## - Número internacional normalizado dos livros (ISBN)
Número (ISBN) 9789898121110
021 ## - Número do Depósito Legal
Código do país PT
Número 267830/07
100 ## - Dados gerais de processamento
Dados gerais de processamento 20170525d2007 c y0pory5003 ba
102 ## - Pais de publicação ou produção
País de publicação Portugal
101 0# - Língua de publicação
Língua do texto, banda sonora, etc. Português
215 ## - Descrição física 
Indicação específica da natureza do documento e extensão da espécie 30, [1] p.
Outras indicações físicas il. color
200 1# - Titulo e menção de responsabilidade
Título próprio Segredo numa manhã de verão e outro conto
Informação de outro título e outro conto
Primeira menção de responsabilidade Lúcia H. Costa
Outras menções de responsabilidade il. Aurélio Mesquita
205 ## - Menção da edição
Menção da edição 1ª ed
210 ## - Publicação, Distribuição, etc. 
Lugar da edição, distribuição, etc. Rio Tinto
Nome do editor, distribuidor, etc. ArtEscrita
Data da publicação, distribuição, etc. 2007
606 ## - Nome comum usado como assunto
Número de registo de entrada de autoridade 0001335
Palavra de ordem Literatura portuguesa
Subdivisão de assunto Conto
Código do sistema CA
675 ## - Classificação Decimal Universal (CDU)
Notação 821.134.3-34
Edição 3ª ed.
Língua da edição por
702 #1 - Nome de autor-pessoa física (responsabilidade secundária)
Número de registo de entrada de autoridade 0000381
Palavra de ordem Mesquita
Outra parte do nome não tomada para palavra de ordem Aurélio
Código de função Ilustrador / Técnico de desenho computorizado
700 #1 - Nome de autor-pessoa física (responsabilidade principal)
Número de registo de entrada de autoridade 0000380
Palavra de ordem Costa
Outra parte do nome não tomada para palavra de ordem Lúcia H.
Datas 1971-
900 ## -
-- BIBNAC
-- 20091013
966 ## - Identificação da Biblioteca
Sigla EBVEN
942 ## - Elementos de entrada adicionados (Koha)
Tipo de item no Koha Livro
Exemplares
Situação do levantamento Origin of item (home branch) (coded) Biblioteca de empréstimo Código de barras Cota Circulation type (not for loan) Tipo de documento Nota do exemplar Damaged status
  Biblioteca Escolar das Vendas Biblioteca Escolar das Vendas BEV1886 8POR COS   Livro Sem mensagem